000 00429nam a22001577a 4500
005 20251110102324.0
008 251110b |||||||| |||| 00| 0 eng d
020 _a979-8-88715-03-14
100 _aTHOMSON SCARLET
245 _aBIOTECHNOLOGY IN PLANT IMPROVEMENT
260 _aDUBLIN
_bORYSON PRESS
_c2023
300 _aXII,318P.
500 _aINCLUDES AN INDEX
650 _aGENETIC MODIFICATION OF CROPS
942 _2lcc
_cBK
999 _c216148
_d216148